000 00511nam a2200169 i 4500
001 55749
003 ES-MaACL
005 20230906163218.0
007 t|
008 030925s1961 sp ||||1| spa d
100 1 _aDevoe, Merrill.
_944019
245 1 0 _aCómo se forma un director de ventas /
_cMerrill Devoe ; [traducción de J.F. Baldiz].
260 _aBarcelona :
_bEd. Hispano Europea,
_c[1961]
300 _aX, 245 p. ;
_c21 cm.
700 1 _aBaldiz, J. F.
_924893
852 _aES-MaACL
_jC-20591
_bR.48926
999 _c55749
_d55749